Statistics for JXDN SONGS

Click here to take the quiz!

General Stats

  • This quiz has been taken 122 times
    (112 since last reset)
  • The average score is 24 of 33

Answer Stats

JXDN SONG% Correct
ANGELS AND DEMONS
98%
PRAY
96%
COMATOSE
94%
SO WHAT
89%
TELL ME ABOUT TOMORROW
89%
LIPS
84%
WANNA BE
84%
BETTER OFF DEAD
83%
LA DI DIE
81%
THINK ABOUT ME
81%
ANGELS AND DEMONS PT2
80%
CRACK MY SKULL
80%
PILLS
80%
DEAD OR ALIVE
78%
TONIGHT
78%
CHRISTMAS SUCKS
76%
DTA
76%
ONE MINUTE
76%
BRAINDEAD
75%
LAST TIME
74%
FUCKED UP
73%
Sober
73%
EVEN IN THE DARK
71%
NO VANITY
71%
BEAUTIFUL BOY
70%
A WASTED YEAR
68%
EARTHQUAKE
51%
INTERLUDE
49%
INTRO
48%
DRIVERS LICENSE
44%
HAPPY HOLIDAYS YOU BASTARD
44%
IM DEAD
38%
THIS AIN'T A SCENE
20%

Score Distribution

Percentile by Number Answered

Percent of People with Each Score

Your Score History

You have not taken this quiz since the last reset